[Event "GER-chT U14"]
[Site "Magdeburg"]
[Date "2010.12.28"]
[Round "4.1"]
[White "Jansen, Lauritz"]
[Black "Sawlin, Leonid"]
[Result "1/2-1/2"]
[WhiteElo "1820"]
[BlackElo "1941"]
[PlyCount "111"]
[EventDate "2010.12.27"]
[EventType "team-swiss"]
[EventRounds "7"]
[EventCountry "GER"]
[SourceTitle "CBM 140 Extra"]
[Source "ChessBase"]
[SourceDate "2011.03.01"]
[SourceVersion "1"]
[SourceVersionDate "2011.03.01"]
[SourceQuality "1"]
[WhiteTeam "Hohentuebingen"]
[BlackTeam "Berlin Makkabi"]
[WhiteTeamCountry "GER"]
[BlackTeamCountry "GER"]

1. d4 c5 2. d5 e5 3. c4 d6 4. Nc3 f5 5. e4 Nf6 6. Qc2 Na6 7. a3 g6 8. f4 exf4 9. Bxf4 fxe4 10. Nxe4 Qe7 11. 0-0-0 Qxe4 12. Qxe4+ Nxe4 13. Re1 Bf5 14. g4 0-0-0 15. gxf5 Nf2 16. Bg5 Rd7 17. Bh3 Nxh1 18. f6 Nf2 19. Re8+ Kc7 20. Bxd7 Kxd7 21. f7 Ng4 22. Nf3 Nh6 23. Rd8+ Kc7 24. Be7 Nxf7 25. Rxf8 Rxf8 26. Bxf8 Kd7 27. Kd2 b5 28. b3 Nc7 29. h4 Ne8 30. Ng5 Ne5 31. Kc3 bxc4 32. bxc4 Nf6 33. Bg7 Ke7 34. a4 Neg4 35. Kd3 h6 36. Ne6 Ne5+ 37. Kc3 Nf3 38. Bxh6 Nxh4 39. Bf4 Nf3 40. Kd3 Ng4 41. Ke4 Nfe5 42. Nxc5 Nxc4 43. Kd4 Nce5 44. Ne4 Nf3+ 45. Kc4 Nge5+ 46. Kb5 Nf7 47. Ka6 g5 48. Bg3 Kd7 49. Kxa7 Kc7 50. Nc3 Nd2 51. Nb5+ Kd7 52. a5 Nc4 53. a6 Kc8 54. Bh2 Ne3 55. Nc3 Nc4 56. Nb5 1/2-1/2

[Event "GER-chT U14"]
[Site "Magdeburg"]
[Date "2010.12.28"]
[Round "3.1"]
[White "Simanowski, Mio"]
[Black "Jansen, Lauritz"]
[Result "0-1"]
[WhiteElo "1667"]
[BlackElo "1820"]
[PlyCount "44"]
[EventDate "2010.12.27"]
[EventType "team-swiss"]
[EventRounds "7"]
[EventCountry "GER"]
[SourceTitle "CBM 140 Extra"]
[Source "ChessBase"]
[SourceDate "2011.03.01"]
[SourceVersion "1"]
[SourceVersionDate "2011.03.01"]
[SourceQuality "1"]
[WhiteTeam "Muelheim Nord"]
[BlackTeam "Hohentuebingen"]
[WhiteTeamCountry "GER"]
[BlackTeamCountry "GER"]

1. e4 c5 2. Nf3 e6 3. d4 cxd4 4. Nxd4 a6 5. Nc3 Qc7 6. Be2 b5 7. a3 Bb7 8. 0-0 Nf6 9. Bf3 Bd6 10. h3 Be5 11. Qd3 h5 12. Be2 Nc6 13. Be3 Ng4 14. hxg4 Bh2+ 15. Kh1 hxg4 16. f3 Qe5 17. fxg4 Nxd4 18. Rad1 Bxe4 19. Nxe4 Bg3+ 20. Kg1 Nxe2+ 21. Qxe2 Qxe4 22. Qf3 Rh1+ 0-1

[Event "GER-chT U14"]
[Site "Arendsee"]
[Date "2009.12.29"]
[Round "5.2"]
[White "Jansen, Lauritz"]
[Black "Neef, Maximilian"]
[Result "0-1"]
[WhiteElo "1655"]
[BlackElo "1859"]
[PlyCount "146"]
[EventDate "2009.12.27"]
[EventType "team-swiss"]
[EventRounds "7"]
[EventCountry "GER"]
[SourceTitle "EXT 2022"]
[Source "ChessBase"]
[SourceDate "2021.10.06"]
[SourceVersion "1"]
[SourceVersionDate "2021.10.06"]
[SourceQuality "1"]
[WhiteTeam "Hohentuebingen U14"]
[BlackTeam "Dresden USV TU U14"]
[WhiteTeamCountry "GER"]
[BlackTeamCountry "GER"]

1. d4 d5 2. Bf4 Nf6 3. e3 c5 4. c3 Qb6 5. Qb3 Nc6 6. Nd2 g6 7. Ngf3 Bg7 8. Rc1 c4 9. Qxb6 axb6 10. a3 b5 11. Be2 Bf5 12. Nh4 Bd7 13. Bd1 h6 14. Nhf3 Bf5 15. 0-0 0-0 16. Bc2 Bxc2 17. Rxc2 Ne4 18. Nxe4 dxe4 19. Nd2 f5 20. f3 exf3 21. Nxf3 Rad8 22. Re2 Rfe8 23. e4 e5 24. dxe5 g5 25. Bg3 f4 26. Bf2 Bxe5 27. h3 Rd3 28. Bb6 Re7 29. Kf2 Kg7 30. Ne1 Rdd7 31. Nc2 Kg6 32. Bc5 Re8 33. Nb4 Nxb4 34. Bxb4 Bd6 35. Bxd6 Rxd6 36. g3 Rde6 37. Rd1 Rxe4 38. Rd6+ Kf5 39. g4+ Ke5 40. Rxh6 Rxe2+ 41. Kxe2 Re6 42. Rh7 b6 43. h4 Kf6+ 44. Kf2 Kg6 45. Rh8 gxh4 46. Rxh4 Kg5 47. Rh5+ Kxg4 48. Rxb5 f3 49. Kf1 Kg3 50. a4 Rh6 51. Rg5+ Kf4 52. Rg8 Rh1+ 53. Kf2 Rh2+ 54. Kf1 Rxb2 55. Re8 Rc2 56. Re6 Rxc3 57. Rxb6 Ke3 58. Re6+ Kd2 59. a5 Ra3 60. Rd6+ Kc1 61. Rc6 c3 62. a6 c2 63. Kf2 Kd2 64. Rd6+ Kc1 65. Rc6 Rd3 66. a7 Rd8 67. Kxf3 Kd1 68. Rd6+ Rxd6 69. a8Q c1Q 70. Qa4+ Qc2 71. Qa1+ Kd2 72. Kf2 Qc5+ 73. Kg2 Rg6+ 0-1

[Event "GER-chT U14"]
[Site "Arendsee"]
[Date "2009.12.29"]
[Round "6.2"]
[White "Masalsky, Nicolai"]
[Black "Jansen, Lauritz"]
[Result "0-1"]
[WhiteElo "1622"]
[BlackElo "1655"]
[PlyCount "134"]
[EventDate "2009.12.27"]
[EventType "team-swiss"]
[EventRounds "7"]
[EventCountry "GER"]
[SourceTitle "EXT 2022"]
[Source "ChessBase"]
[SourceDate "2021.10.06"]
[SourceVersion "1"]
[SourceVersionDate "2021.10.06"]
[SourceQuality "1"]
[WhiteTeam "Paderborn 2000 U14"]
[BlackTeam "Hohentuebingen U14"]
[WhiteTeamCountry "GER"]
[BlackTeamCountry "GER"]

1. e4 c5 2. Nc3 e6 3. g3 Nc6 4. Bg2 g6 5. d3 Bg7 6. Be3 d6 7. Qd2 Nge7 8. Bh6 0-0 9. Bxg7 Kxg7 10. f4 Qb6 11. Na4 Qb4 12. Qxb4 Nxb4 13. Kd2 Bd7 14. Nc3 Bc6 15. a3 Na6 16. Nf3 Nc7 17. Rhg1 d5 18. e5 Rfd8 19. Rae1 b5 20. d4 c4 21. Ne2 a5 22. c3 Rdb8 23. Rb1 b4 24. Kc2 Rb7 25. g4 Rab8 26. Nd2 Ba4+ 27. Kc1 Ng8 28. h3 Ne7 29. Bf3 bxa3 30. bxa3 Rxb1+ 31. Nxb1 Bb3 32. Kd2 Ba2 33. Kc2 Nb5 34. Kd2 Nc6 35. a4 Nbxd4 36. Nxd4 Nxd4 37. cxd4 Bxb1 38. Bd1 Bd3 39. Re1 Rb2+ 40. Kc3 Rf2 41. Re3 Rxf4 42. Rf3 Rxf3 43. Bxf3 g5 44. Bg2 h5 45. Bf3 Bf1 46. gxh5 Bxh3 47. Kd2 Bf5 48. Kc3 g4 49. Bg2 Be4 50. Bf1 g3 51. h6+ Kxh6 52. Kd2 g2 53. Bxg2 Bxg2 54. Kc3 Kg5 55. Kd2 Kf4 56. Kc2 Ke3 57. Kc3 Be4 58. Kb2 Kd2 59. Ka1 c3 60. Ka2 c2 61. Kb3 c1Q 62. Ka2 Qc4+ 63. Ka1 Qxa4+ 64. Kb2 Qxd4+ 65. Kb3 a4+ 66. Ka2 Qb4 67. Ka1 Qa3# 0-1

[Event "GER-chT U14"]
[Site "Arendsee"]
[Date "2009.12.27"]
[Round "2.2"]
[White "Jansen, Lauritz"]
[Black "Diyap, Murat"]
[Result "0-1"]
[WhiteElo "1655"]
[BlackElo "1678"]
[PlyCount "148"]
[EventDate "2009.12.27"]
[EventType "team-swiss"]
[EventRounds "7"]
[EventCountry "GER"]
[SourceTitle "EXT 2022"]
[Source "ChessBase"]
[SourceDate "2021.10.06"]
[SourceVersion "1"]
[SourceVersionDate "2021.10.06"]
[SourceQuality "1"]
[WhiteTeam "Hohentuebingen U14"]
[BlackTeam "Frankfurt TV U14"]
[WhiteTeamCountry "GER"]
[BlackTeamCountry "GER"]

1. d4 d5 2. Bf4 c5 3. e3 Nc6 4. Nf3 Bg4 5. Nbd2 cxd4 6. exd4 e6 7. c3 Nf6 8. h3 Bh5 9. Qb3 Qc8 10. Bd3 Be7 11. 0-0 0-0 12. Ne5 Nd7 13. Qc2 Bg6 14. Nxg6 fxg6 15. Bg3 Bf6 16. f4 Qd8 17. Nf3 Rc8 18. Qe2 Re8 19. Rae1 Qb6 20. Qf2 Ne7 21. Bh2 Nf5 22. g4 Nd6 23. g5 Bd8 24. Re2 Qc6 25. Rfe1 Nf7 26. h4 Bb6 27. Re3 Re7 28. Bf1 Rce8 29. Bh3 Nf8 30. f5 gxf5 31. Bxf5 Nd6 32. Bxd6 Qxd6 33. Bh3 Ng6 34. Ne5 Rf8 35. Nxg6 hxg6 36. Rf3 Rxf3 37. Qxf3 e5 38. Qg3 Qc7 39. Bg2 exd4 40. Bxd5+ Kh7 41. Qxc7 Rxe1+ 42. Kf2 Bxc7 43. Kxe1 dxc3 44. bxc3 Bg3+ 45. Kf1 b6 46. Kg2 Bxh4 47. Kh3 Bxg5 48. Kg4 Bf6 49. c4 Kh6 50. Be4 g5 51. Bf5 g6 52. Bc2 Kg7 53. Be4 Be7 54. Bd3 Kf6 55. Bc2 Ke5 56. Kf3 Kd4 57. Bb3 Kc3 58. Ke4 Kb4 59. Kd3 g4 60. Ke3 g3 61. Kf3 Bd6 62. Kg2 a5 63. Bd1 Kxc4 64. a4 Kb4 65. Kf1 b5 66. axb5 a4 67. Bxa4 Kxa4 68. b6 Kb5 69. Kg2 Kxb6 70. Kh1 Kc5 71. Kg2 Kd4 72. Kh1 Ke3 73. Kg2 Kf4 74. Kg1 Kf3 0-1

[Event "Reutlingen op 14th"]
[Site "Reutlingen"]
[Date "2009.05.29"]
[Round "1"]
[White "Jansen, Lauritz"]
[Black "Zaitsev, Mikhail"]
[Result "0-1"]
[WhiteElo "1741"]
[BlackElo "2489"]
[PlyCount "112"]
[EventDate "2009.05.29"]
[EventType "swiss"]
[EventRounds "7"]
[EventCountry "GER"]
[SourceTitle "CBM 130 Extra"]
[Source "ChessBase"]
[SourceDate "2009.07.02"]
[SourceVersion "2"]
[SourceVersionDate "2009.07.15"]
[SourceQuality "1"]

1. d4 d5 2. Bf4 c5 3. c3 Nc6 4. e3 Qb6 5. Qb3 c4 6. Qxb6 axb6 7. a3 b5 8. Nd2 b4 9. cxb4 Nxb4 10. Rc1 Nc6 11. Ngf3 b5 12. Be2 Nf6 13. h3 Bf5 14. Nh4 Bd7 15. 0-0 e6 16. Nhf3 Be7 17. Ne5 0-0 18. Ndf3 Rfc8 19. Nxc6 Bxc6 20. Ne5 Be8 21. Bf3 Ne4 22. Bxe4 dxe4 23. f3 f6 24. Ng4 Bc6 25. fxe4 Bxe4 26. Nf2 Bb7 27. Nd1 Ra5 28. Nc3 e5 29. Bg3 exd4 30. exd4 b4 31. axb4 Rg5 32. Ne2 Bxb4 33. h4 Rg4 34. Rf4 Rg6 35. Rf5 Re8 36. Kf2 Bd2 37. Rd1 Be3+ 38. Kf1 Be4 39. Rb5 Bc2 40. Re1 Bd2 41. Ra1 Bd3 42. Rb8 Bxe2+ 43. Kf2 Rxb8 44. Bxb8 Bd3 45. Bd6 Be4 46. g3 f5 47. Be5 Rb6 48. Ra7 Bh6 49. Ra2 Kf7 50. Ke2 Ke6 51. Kd1 Bd3 52. Ke1 Kd5 53. Bc7 Rb7 54. Ba5 Ra7 55. Ra3 Be3 56. Kd1 Bxd4 0-1